MDQL
is popping MORE tags! Check the
thread
!
Quizzes
Events
Quiz Creation
Community
Videos
Private Events
Remove Ads
Sign In
Join for FREE
Feedback
Dark Mode
Quiz Categories
Sports
Geography
Music
Movies
Television
Just For Fun
Miscellaneous
History
Literature
Language
Science
Gaming
Entertainment
Religion
Holiday
For Kids
Quiz Lab
Recent
Popular Today
Quiz Kudos Today
Editor Picks
Curator Picks
Quizzes by...
Day
Popularity
Type
Ratings
Length
Year
Community
Subscriptions
Recent Discussions
Orange Saloon
Badges
Playlists
Quests
Create
Leaderboards
Showdown
Live 5
Trivia Bingo
Activity
Puzzle Library
Sporcle Events
Private Events
Virtual Trivia
Globe League
Become a Host
Pub Owners
SporcleCon
Opinionation
Our Games
Videos
Blog
Mobile Apps
Partnerships
Remove Ads and Go Orange
Feedback
Television
TV Characters
TV Show
Sitcom
Network
Friends
Reality Shows
Cast
South Park
Star Trek
The Simpsons
Doctor Who
Television
TV Characters
TV Show
Sitcom
Network
Friends
Reality Shows
Cast
South Park
Star Trek
The Simpsons
Doctor Who
Random Quiz
Search Sporcle
×
Quiz Lab
Quiz Lab
Television
Cartoons
Type in answers that appear in a list
Type in answers that appear in a list
Classic
Best Score? Go Orange.
Name these 80s cartoon theme songs Stats
Can you name the 80s cartoon theme song?
By
Kobun20
5m
22 Questions
900 Plays
900 Plays
900 Plays
Comments
Comments
Give Quiz Kudos
Give Quiz Kudos
-
- Ratings
hide this ad
Forced Order
Answers have to be entered in order
Answers have to be entered in order
Replay
Link that replays current quiz
Next Quiz
Link to next quiz in quiz playlist
You Got
0%
They Got
Avg Score
37%
Avg Friend Score
Upgrade to see
Score Distribution
Jump to the score distribution portion of the page
Score
0/22
Timer
05:00
0
Plays Today
Lyrics or Speech
80s Cartoon
% Correct
Who ya gonna call?
The Real Ghostbusters
85.1%
Heroes in a Half Shell!
Teenage Mutant Ninja Turtles
79.4%
Life is like a hurricaine...
Duck Tales
71.5%
More than meets the eye
Transformers
71.5%
Bouncing here and there and everywhere
Gummi Bears
59.6%
Feel the magic, hear the roar
Thundercats
56.7%
In the heart of Transylvania....
Count Duckula
47.1%
Fabulous secret powers were revealed to me...
He-Man and the Masters of the Universe
43.8%
He'll fight for freedom, wherever there's trouble
G.I. Joe
39.9%
Truly truly truly outrageous!
Jem!
39.1%
Masked crusaders working overtime
MASK
30.1%
Lyrics or Speech
80s Cartoon
% Correct
Wings of silver, nerves of steel
Silverhawks
29%
Wherever there is danger he'll be there
Danger Mouse
28.7%
He's my friend, and a whole lot more
Denver the Last Dinosaur
25.1%
When your room looks kinda weird...
Muppet Babies
23.9%
No one should terrorize the neighborhood!
Heathcliff
23.3%
See the shining light
Rainbow Brite
18.7%
Come dream with me tonight
The Adventures of Teddy Ruxpin
15.8%
From uncharted regions of the universe...
Voltron
15.8%
Until one day, we met some new friends.... From out of town
Dinosaucers
14.3%
I'll be there right by your side
My Little Pony
7.1%
You're in for a treat, so hang on to your seat
The Super Mario Bros Super Show
6.2%
Quiz Playlist
Details
Report
Send in Message
Add To Playlist
Classic:
Type in answers that appear in a list
Forced Order:
Answers have to be entered in order
Last Updated: Feb 16, 2017
Quiz Scoreboard
CHALLENGE
Sign Up to Join the Scoreboard
Show All
Scores
Hide
Comments
May contain spoilers
Recently Published
1-10 Letter E Words III
by El_Dandy
Language
2m
Street Fighter Characters
by Artimus82
Gaming
60s
College Basketball Coaching Resumes
by pancakes188
Sports
9m
More to Explore
Quiz From the Vault
Featured Blog Post
Where Did the Easter Bunny Come From?
hide this ad
You Might Also Like...
Tags
Animation Quiz
Cartoons Quiz
Lyrics Quiz
Song Quiz
1980s
speech
theme
Today's Top Quizzes in Television
Browse Television
hide this ad
Today's Top Quizzes in Cartoons
Browse Cartoons
Top Contributed Quizzes in Television
1
Survivor Journey Challenge
2
Adjectives in 80s TV Shows
3
Adjectives in 00s TV Shows
4
5-to-1: The Simpsons Families
5
5-to-1: Television Doctors
6
Adjectives in 10s TV Shows
7
7-to-1: TV Show Settings
8
Adjectives in 70s TV Shows
9
5-to-1: Streaming Originals
10
Survivor Seasons
Explore More
Trending Topics
Disney
Kpop
NBA
Harry Potter
Crossword
Anime
Marvel
Song
Country
NFL
Puzzle
WWE
The Office
Soccer
Pokémon
hide this ad
More By:
Kobun20
Quiz
Plays
Rating
Category
Featured
Created
Name these 80s cartoon theme songs
900
4.17
Television
Oct 7, 2009
Go to Creator's Profile
Score Distribution
Quiz Creator Spotlight
Kobun20
Follow
Send a Message
Quizzes Created
-
Created Quiz Play Count
-
More By This Creator
Popular Quizzes Today
1
Find the US States - No Outlines Minefield
2
Find the Countries of Europe - No Outlines Minefield
3
The Countries of the World
4
Find the US States
5
Risky Map Clicking: Biggest States A-Z
6
US States
7
Popular People in 1961
8
Movies - When Are They Set?
More Television Quizzes
25 Years of Television Endings V
Published
Trending Quizzes
Risky Map Clicking: Least Populous States A-Z
1-10 Letter G Words
USA Borders Longest to Shortest
1-10 Letter F Words
Countries of the World: 200 Million BC
Recently Updated
Leaping Animals
pecheneg
Reality TV Shows (A-Z)
bhenderson79
Rickey Henderson's Hall of Fame Teammates
pecheneg
Champions League XIs: Arsenal
pecheneg
Quick Pick: Celebrities in WWE's Hall of Fame
aduchscher
A-Z Keypad Blitz II
pecheneg
Multiple Oscar Actors
pecheneg
Mystery Phrase Blitz: Oscar 'Best Actors'
pecheneg
F. Scott Fitzgerald Novels
LTH
Pick 3 Villains
ddd62291
Trending Topics
NBA
Harry Potter
Marvel
Anime
Disney
Crossword
Kpop
The Office
NFL
Country
Song
WWE
Soccer
Puzzle
Pokémon
Your Account Isn't Verified!
In order to create a playlist on Sporcle, you need to verify the email address you used during registration. Go to your
Sporcle Settings
to finish the process.
Report this User
Report this user for behavior that violates our
Community Guidelines
.
Details:
Send Report
Go to the Sporcle.com Mobile Site →
Comments